000
00333nam a22001457a 4500
008
230316b ||||| |||| 00| 0 eng d
020
_a
9780470282427
041
_a
eng
080
_2
SIX EDITION
_a
338
082
_a
338SAM
100
_a
24
101
_a
MAN ECO
245
_a
MANAGERIAL ECONOMICS
_c
SAMUELSON.F.W
942
_2
udc
_c
BK
999
_c
59360
_d
59360